Reading FC all-time players - Statistics

General Stats
  • This quiz has been taken 48 times
  • The average score is 253 of 1507
Answer Stats
Debut Name Opponent Comp % Correct
2015-09-11 Ola John Ipswich CH
86%
2017-08-08 Sam Smith Gillingham LC
86%
2001-08-11 Alex Smith Blackpool L1
83%
1997-05-03 Ben Smith Man City CH
83%
1928-08-25 Edward Smith Middlesbrough CH
83%
1952-11-29 Eric Smith Shrewsbury D3S
83%
1900-11-28 Herbert Smith Millwall Wst
83%
1923-08-25 John H Smith Watford D3S
83%
1910-09-03 John (Jack) Smith Kettering SL2
83%
1990-12-29 Mark Smith Mansfield L1
83%
1999-08-21 Neil Smith Luton L1
83%
2020-01-04 Ramarni Medford-Smith Blackpool FA
83%
1898-04-16 ?? Smith Swindon Wst
83%
1908-01-01 T or E A Smith West Ham Wst
83%
1947-10-04 William H Smith Bristol City D3S
83%
1902-01-15 William Smith Tottenham Wst
83%
1896-11-21 W Smith Bedminster FA
83%
1988-10-22 Adrian Williams Notts County L1
81%
1999-02-13 Graeme Murty Burnley L1
81%
2005-08-06 Kevin Doyle Plymouth CH
81%
2013-08-03 Danny Williams Ipswich CH
79%
1995-08-12 Martin Williams Stoke CH
79%
2015-08-08 Orlando Sa Birmingham CH
79%
1969-08-23 Bobby Williams Bristol Rvrs L1
76%
1986-01-21 Derrick Williams Bournemouth FLT
76%
2025-08-16 Derrick Williams Wimbledon L1
76%
1977-02-26 Jerry Williams Bury L1
76%
2025-08-08 Kamari Doyle Huddersfield L1
76%
2005-08-06 Leroy Lita Plymouth CH
76%
2010-08-07 Marcus Williams Scunthorpe CH
76%
2001-08-22 Nicky Shorey Luton LC
76%
2008-08-12 Noel Hunt Dagenham LC
76%
2025-11-07 Randell Williams Stevenage L1
76%
1930-09-17 Richard Williams Millwall CH
76%
1937-08-28 Rod Williams Millwall D3S
76%
2005-08-06 Stephen Hunt Plymouth CH
74%
2003-01-28 Steve Sidwell Leicester CH
74%
1973-01-20 Bobby Hunt Hartlepool L2
71%
2004-01-10 David Kitson Ipswich CH
71%
2004-08-28 Ibrahima Sonko Millwall CH
71%
1987-08-22 Linden Jones Leeds CH
71%
1992-08-15 Tom Jones Hartlepool L1
71%
1921-08-27 Abraham Jones Newport D3S
69%
2004-08-10 Bobby Convey West Ham CH
69%
1991-08-24 David Byrne Hartlepool L1
69%
1953-10-10 David Jones Walsall D3S
69%
1895-09-28 Frederick W Jones Southampton SL1
69%
1963-09-04 Fred Jones Brentford LC
69%
2003-04-04 Glen Little Brighton CH
69%
2003-10-24 Ivar Ingimarsson Sheff Utd CH
69%
2000-09-30 Keith Jones Rotherham L1
69%
1880-02-14 R W H (William) Jones Old Philberdians B&B
69%
2005-12-28 Shane Long Leicester CH
69%
2001-03-03 James Harper Rotherham L1
67%
1904-09-03 James Long Portsmouth SL1
67%
2014-08-26 Sean Long Scunthorpe LC
67%
1955-08-20 Trevor Long Aldershot D3S
67%
2023-08-05 Charlie Savage Peterborough L1
64%
2023-08-05 Lewis Wing Peterborough L1
64%
1974-08-21 Alan Taylor Brighton LC
62%
2015-08-11 Andrew Taylor Colchester LC
62%
1946-09-28 Archibald Taylor Ipswich D3S
62%
2002-04-20 Basir Savage Brentford L1
62%
1947-05-03 Geoffrey Taylor Torquay D3S
62%
2010-08-24 Jake Taylor Northampton LC
62%
1992-08-15 Jimmy Quinn Hartlepool L1
62%
1898-09-03 John Taylor Sheppey SL1
62%
1986-10-04 Les Taylor Blackburn CH
62%
2000-02-05 Martin Butler Preston L1
62%
1988-09-17 Scott Taylor Wigan L1
62%
2013-03-02 Stuart Taylor Everton PL
62%
2007-01-09 Adam Federici Burnley FA
60%
1909-09-15 Albert V (Ben) Butler Gillingham SL1
60%
1970-03-30 Denis G Butler Mansfield L1
60%
1969-12-13 Denis M Butler Stockport L1
60%
2000-08-22 Jamie Cureton Leyton Orient LC
60%
2001-12-22 Marcus Hahnemann Wigan L1
60%
1984-10-27 Michael Gilkes Lincoln L1
60%
1903-09-05 Micky Good Portsmouth SL1
60%
1983-08-27 Trevor Senior Blackpool L2
60%
1933-08-26 William Butler Exeter D3S
60%
1894-12-22 A W White Millwall SL1
57%
1888-12-01 Charlie White Chesham B&B
57%
2012-01-28 Jason Roberts Bristol City CH
57%
1998-03-28 Jim McIntyre Ipswich CH
57%
1977-11-12 Mark White Grimsby L2
57%
1989-12-26 Mick Gooding Brentford L1
57%
1992-08-15 Phil Parkinson Hartlepool L1
57%
1974-01-27 Robin Friday Northampton L2
57%
1992-09-09 Shaka (Neil) Hislop West Brom L1
57%
1888-12-01 Tom White Chesham B&B
57%
2002-01-19 Ben Roberts Blackpool L1
55%
1985-04-17 Brian Roberts Derby L1
55%
2025-08-30 Jack Marriott Port Vale L1
55%
2013-02-02 Nick Blackman Sunderland PL
55%
2017-08-05 Omar Richards QPR CH
55%
1947-03-15 Ron Blackman Bristol City D3S
55%
2015-08-08 Stephen Quinn Birmingham CH
55%
2018-12-15 Tom McIntyre Rotherham CH
55%
1906-09-05 W Hart Bristol Rvrs Wst
55%
1928-09-05 Arthur Brown Preston CH
52%
2005-08-23 Brynjar Gunnarsson Swansea LC
52%
1904-10-05 Charlie Brown Fulham Wst
52%
1911-09-20 David Crichton Brown Portsmouth SCC
52%
1938-11-19 Henry (Harry) Brown Port Vale D3S
52%
2010-09-11 Ian Harte Crystal Palace CH
52%
1913-09-10 Ivor Brown Southend SL1
52%
1904-09-07 James Alfred McIntyre Tottenham Wst
52%
1995-10-28 Kenny Brown Ipswich CH
52%
2025-08-02 Paddy Lane Lincoln L1
52%
2025-10-11 Paudie O'Connor Exeter L1
52%
1968-08-10 Roy Brown Stockport L1
52%
2002-12-26 Steve Brown Coventry CH
52%
1969-11-08 Steve Death Brighton L1
52%
1905-09-04 William Brown Tottenham Wst
52%
2023-08-05 Harvey Knibbs Peterborough L1
50%
2025-08-02 Matty Jacob Lincoln L1
50%
2019-03-12 Michael Olise Leeds CH
50%
1990-10-23 Stuart Lovell Brentford L1
50%
1928-08-25 William Lane Middlesbrough CH
50%
2001-08-11 Andy Hughes Blackpool L1
48%
1897-04-17 ? Hughes Sheppey SL1
48%
2008-02-09 Jimmy Kebe Everton PL
48%
2022-02-12 Kelvin Abrefa Coventry CH
48%
2025-09-02 Matt Ritchie Swindon FLT
48%
2021-08-10 Michael Stickland Swansea LC
48%
2014-08-23 Oliver Norwood Nottm Forest CH
48%
1895-09-14 A Evans Ilford SL1
45%
1931-04-06 Alexander Ritchie Stoke CH
45%
2024-08-10 Andre Garcia Birmingham L1
45%
2018-08-03 Andy Yiadom Derby CH
45%
2012-08-18 Chris Gunter Stoke PL
45%
1924-08-30 Dai Evans Exeter D3S
45%
2016-01-23 George Evans Sheff Wed CH
45%
1932-12-17 George Johnson Northampton D3S
45%
1921-08-27 George Ritchie Newport D3S
45%
2008-08-26 Gylfi Sigurdsson Luton LC
45%
2025-08-12 Jack Stevens Portsmouth LC
45%
1897-04-03 Job Johnson Sheppey SL1
45%
2023-11-14 Joel Pereira Arsenal U21 FLT
45%
2005-08-09 John Oster Brighton CH
45%
2005-01-08 Les Ferdinand Swansea FA
45%
2005-02-05 Martin Keown Plymouth CH
45%
1955-10-15 Maurice Evans Southampton D3S
45%
1999-08-21 Nicky Forster Luton L1
45%
2025-09-02 Reece Evans Swindon FLT
45%
1899-09-02 Richard (Dick) Evans Bristol Rvrs SL1
45%
1927-08-27 Samuel Evans Chelsea CH
45%
2018-03-06 Thomas Holmes Bolton CH
45%
1953-02-07 Tom Ritchie Southend D3S
45%
2023-08-08 Tyler Bindon Millwall LC
45%
2016-08-09 Yakou Meite Plymouth LC
45%
1974-04-20 Adrian Cooper Stockport L2
43%
2014-11-04 Anton Ferdinand Rotherham CH
43%
1912-10-02 Charlie S Stevens Gillingham SL1
43%
2018-02-03 Chris Martin Millwall CH
43%
2000-03-18 Darius Henderson Burnley L1
43%
2025-08-02 Finley Burns Lincoln L1
43%
1909-09-01 F Martin Gillingham SL1
43%
2019-08-10 George Puscas Hull CH
43%
1920-09-04 Harry Holmes Newport L1
43%
1906-09-19 ? Holmes Crystal Palace SL1
43%
1912-04-22 H Stevens Southend SCC
43%
2014-08-16 Jake Cooper Ipswich CH
43%
1924-08-30 James Burns Exeter D3S
43%
1962-08-18 James Caird Martin Shrewsbury L1
43%
1924-08-30 James Colin Martin Exeter D3S
43%
1937-10-06 James Holmes Bournemouth D3SC
43%
1903-09-05 James T Henderson Portsmouth SL1
43%
2020-01-14 Jeriel Dorsett Blackpool FA
43%
1909-09-01 Jimmy Henderson Gillingham SL1
43%
2000-08-22 John Mackie Leyton Orient LC
43%
2016-08-23 Liam Kelly Milton Keynes LC
43%
2019-08-10 Lucas Joao Hull CH
43%
2025-08-02 Mark O'Mahony Lincoln L1
43%
1904-10-17 ? Martin QPR Wst
43%
1914-09-05 Percy Stevens QPR SL1
43%
1895-09-14 Peter Davie Ilford SL1
43%
1989-12-09 Phil Burns Welling FA
43%
1968-11-08 Ray Henderson Southport L1
43%
1912-04-27 ? Stevens Watford SL1
43%
1982-08-18 Steve Richardson Bournemouth FLT
43%
1973-08-25 Stewart Henderson Newport L2
43%
1897-09-11 William Henderson Swindon SL1
43%
2011-09-10 Adam Le Fondre Watford CH
40%
1894-11-17 A H Scott-Murray Royal Ordnance SL1
40%
1877-11-07 A J (Fred) Richardson Sth Norwood FA
40%
2007-01-09 Alex Pearce Burnley FA
40%
1926-02-27 Frank Richardson Plymouth D3S
40%
1997-12-13 Gareth Davies Middlesbrough CH
40%
1904-09-03 George¹ Harris Portsmouth SL1
40%
1966-08-20 George Harris Torquay L1
40%
1922-09-23 George Murray Plymouth D3S
40%
2014-09-13 Glenn Murray Fulham CH
40%
1907-12-04 ?? Harris West Ham Wst
40%
1921-04-30 Horace Cooper Exeter L1
40%
1954-04-10 James Murray Crystal Palace D3S
40%
2014-08-19 Jamie Mackie Huddersfield CH
40%
2023-09-19 Jayden Wareham Exeter FLT
40%
2024-11-05 Jeremiah Okine-Peters Cheltenham FLT
40%
1898-09-03 Joe Davies Sheppey SL1
40%
1929-11-02 John (Jock) Richardson Bury CH
40%
1974-08-17 John Murray Cambridge L2
40%
1921-10-29 John Scott Norwich D3S
40%
2008-08-12 Julian Kelly Dagenham LC
40%
1999-03-27 Keith Scott Man City L1
40%
1929-08-31 Lancelot Richardson Preston CH
40%
2025-08-02 Liam Fraser Lincoln L1
40%
1978-02-18 Martin Hicks Hartlepool L2
40%
1930-10-04 Matthew Forster Wolves CH
40%
1899-09-02 Michael J Kelly Bristol Rvrs SL1
40%
1991-08-17 Neale Cooper Hull L1
40%
2015-03-10 Niall Keown Brighton CH
40%
1998-03-28 Patrick Kelly Ipswich CH
40%
2022-05-07 Rashawn Scott Luton CH
40%
1899-09-02 Richard H Davies Bristol Rvrs SL1
40%
1975-01-11 Robert Scott Lincoln L2
40%
1977-10-05 Roy Davies Aldershot L2
40%
1929-11-02 Royston Davies Bury CH
40%
1895-03-23 R Scott Chatham SL1
40%
2009-08-08 Scott Davies Nottm Forest CH
40%
2003-08-09 Scott Murray Ipswich CH
40%
1907-11-20 S H Thomas Luton Wst
40%
1919-08-30 S Murray Cardiff SL1
40%
2013-01-19 Stephen Kelly Newcastle PL
40%
2023-09-19 Taylan Harris Exeter FLT
40%
2022-04-30 Terell Thomas West Brom CH
40%
1906-09-15 Thomas Osbourne Davies Portsmouth SL1
40%
1892-12-10 W B Thomas Newbury B&B
40%
1883-11-03 W Harris Marlow B&B
40%
1954-12-25 William Davies Bristol City D3S
40%
1906-04-16 Alfred H (Arthur) Hall QPR Wst
38%
2022-09-17 Amadou Mbengue Wigan CH
38%
2024-08-20 Ashqar Ahmed West Ham U21 FLT
38%
2023-08-19 Ben Elliott Stevenage L1
38%
1954-09-08 Dennis Hall Brentford D3S
38%
1993-08-14 Dylan Kerr Huddersfield L1
38%
2012-08-18 Garath McCleary Stoke PL
38%
1883-01-13 G Hicks Maidenhead Exc. B&B
38%
1969-12-13 Gordon Cumming Stockport L1
38%
1919-09-06 James Carr QPR SL1
38%
2009-09-26 Jobi McAnuff Watford CH
38%
2016-08-06 John Swift Preston CH
38%
2011-08-23 Joseph Mills Charlton LC
38%
1990-08-25 Keith McPherson Exeter L1
38%
2021-08-10 Kelvin Ehibhatiomhan Swansea LC
38%
2009-08-11 Matthew Mills Burton LC
38%
2010-11-27 Mikele Leigertwood Leeds CH
38%
2012-08-18 Pavel Pogrebnyak Stoke PL
38%
1894-12-01 Percy Mills Ilford SL1
38%
2000-03-25 Sammy Igoe Cardiff L1
38%
1953-08-20 William Hall Newport D3S
38%
1925-10-03 Andrew Kerr Merthyr D3S
36%
1994-08-13 Andy Bernal Wolves CH
36%
1982-02-17 Andy Moore Doncaster L1
36%
1996-08-17 Barry Hunter Sheff Utd CH
36%
2022-08-09 Basil Tuma Stevenage LC
36%
2013-10-01 Billy Sharp Barnsley CH
36%
2009-09-12 Brian Howard Doncaster CH
36%
2023-05-08 Coniah Boyce-Clarke Huddersfield CH
36%
1896-01-11 Ernie A Watts Swindon SL1
36%
1894-09-22 F Moore Swindon SL1
36%
2009-08-08 Hal Robson-Kanu Nottm Forest CH
36%
1992-09-16 James Lambert Rotherham L1
36%
2008-08-26 Jem Karacan Luton LC
36%
1980-08-08 Kerry Dixon Northampton LC
36%
2001-11-03 Kevin Watson Northampton L1
36%
1995-01-14 Lee Nogan West Brom CH
36%
2016-08-23 Liam Moore Milton Keynes LC
36%
2021-01-09 Mamadi Camara Luton FA
36%
2020-09-05 Nahum Melvin-Lambert Colchester LC
36%
2019-01-12 Oviemuno Ejaria Nottm Forest CH
36%
1963-08-24 Peter Kerr Millwall L1
36%
2006-09-19 Peter Mate Darlington LC
36%
2013-08-03 Royston Drenthe Ipswich CH
36%
2009-01-03 Simon Church Cardiff FA
36%
1994-08-13 Simon Osborn Wolves CH
36%
2016-08-06 Tennai Watson Preston CH
36%
1894-10-20 ? Watson Luton SL1
36%
1882-01-04 William H Moore Marlow B&B
36%
2024-08-13 Abraham Kanu Colchester LC
33%
1884-12-06 Alfred West Upton Park FA
33%
1909-09-01 Alf West Gillingham SL1
33%
1898-09-03 A Sharp Sheppey SL1
33%
1997-08-09 Carl Asaba Bury CH
33%
1909-09-01 C Craig Gillingham SL1
33%
1996-03-02 Darren Caskey Watford CH
33%
2023-08-12 David Button Port Vale L1
33%
1930-03-01 Francis McPherson Chelsea CH
33%
1975-08-16 Gary Peters Rochdale L2
33%
1998-08-08 Grant Brebner Wrexham L1
33%
2023-08-08 Harlee Dean Millwall LC
33%
1910-04-09 H West Southend SL1
33%
1897-09-11 James Sharp Swindon SL1
33%
1928-08-25 John Hunter Middlesbrough CH
33%
2019-01-12 Lewis Baker Nottm Forest CH
33%
2022-01-08 Louie Holzman Kidderminster FA
33%
1991-08-17 Mark Holzman Hull L1
33%
1998-08-08 Mass Saar Wrexham L1
33%
2022-08-09 Michael Craig Stevenage LC
33%
1998-03-28 Paul Brayson Ipswich CH
33%
1947-11-08 Ronnie Dix QPR D3S
33%
2005-09-20 Simon Cox Luton LC
33%
1980-02-25 Steve Wood Southend L1
33%
2022-02-09 Tom Ince Bristol City CH
33%
1915-01-02 William Hunter QPR SL1
33%
1993-01-05 Adrian Viveash Bournemouth FLT
31%
1923-09-03 Albert Green Swansea D3S
31%
2006-09-19 Andre Bikey Darlington LC
31%
1900-03-17 ? Clark Millwall SL1
31%
1937-02-13 Cyril Dean Crystal Palace D3S
31%
1932-12-03 Cyril Dixon Coventry D3S
31%
1992-02-01 David Lee Peterborough L1
31%
1920-08-28 David Spence Newport L1
31%
1953-08-26 Fred Davis Southend D3S
31%
1947-10-18 George Green Norwich D3S
31%
1929-08-31 George James Preston CH
31%
1900-09-01 George Spence Gillingham SL1
31%
1909-10-30 Harry Lee Brentford SL1
31%
1923-08-25 Herbert Davis Watford D3S
31%
1882-11-18 Horace E Walker Sth Reading B&B
31%
2021-08-10 Jahmari Clarke Swansea LC
31%
1906-10-27 ?? James Northampton SL1
31%
1909-09-01 James Wilson Gillingham SL1
31%
1921-08-27 John A Walker Newport D3S
31%
2022-08-06 John Clarke Cardiff CH
31%
1923-08-25 John (Jock) Wilson Watford D3S
31%
1957-12-14 Johnny Y H Walker Swindon D3S
31%
1894-10-20 J (Tug) Wilson Luton SL1
31%
2011-08-27 Kaspars Gorkss Hull CH
31%
1894-10-20 ? Lee Luton SL1
31%
2003-12-26 Lloyd Owusu Wimbledon CH
31%
1971-08-21 Martin James Chester L2
31%
1962-09-06 Mike Dixon Notts County L1
31%
2022-07-30 Nesta Guinness-Walker Blackpool CH
31%
1981-10-03 Paul Clark Huddersfield L1
31%
1945-11-24 Peter Peters Aldershot FA
31%
1966-08-23 Ray Dean Watford LC
31%
1897-10-02 Robert Barr Millwall SL1
31%
1956-03-10 Roy Green Ipswich D3S
31%
2018-08-14 Sam Walker Birmingham LC
31%
1995-08-12 Simon Sheppard Stoke CH
31%
1955-03-19 Tommy Dixon Southend D3S
31%
1957-02-09 Tom Wilson Coventry D3S
31%
1969-08-09 Will Dixon Plymouth L1
31%
1907-09-04 William (Shoogly) Walker Millwall SL1
31%
1910-12-26 William Wilson Cardiff SL2
31%
1894-10-13 A H Sheppard Clifton (Bristol) FA
29%
1963-08-24 Alan Morris Millwall L1
29%
2015-08-11 Ali Al Habsi Colchester LC
29%
1998-12-08 Andrew Wright Bournemouth FLT
29%
2021-11-20 Andy Carroll Nottm Forest CH
29%
1992-01-18 Andy Gray Stoke L1
29%
1909-10-09 Anthony Sheppard Portsmouth SL1
29%
2023-08-05 Caylan Vickers Peterborough L1
29%
1987-08-22 Colin Gordon Leeds CH
29%
2009-09-12 Darren ODea Doncaster CH
29%
1989-08-19 Darren Wood Shrewsbury L1
29%
2017-09-09 David Edwards Bristol City CH
29%
2004-04-10 Dean Gordon Bradford CH
29%
1957-03-30 Douggie Webb Brighton D3S
29%
2019-01-29 Emiliano Martinez Bolton CH
29%
2024-08-13 Emmanuel Osho Colchester LC
29%
2021-03-06 Femi Azeez Sheff Wed CH
29%
2018-12-22 Gabriel Osho Middlesbrough CH
29%
2005-08-23 Graham Stack Swansea LC
29%
2007-09-25 James Henry Liverpool LC
29%
1912-09-07 James Morris Brentford SL1
29%
2016-08-06 Joey van den Berg Preston CH
29%
1991-08-17 Mark McGhee Hull L1
29%
1991-03-30 Matthew Edwards Grimsby L1
29%
2002-09-07 Matthew Upson Rotherham CH
29%
1980-02-16 Neil Webb Mansfield L1
29%
1995-10-07 Neville Gordon West Brom CH
29%
1934-02-28 Percy Morris QPR D3SC
29%
1999-10-09 Phil Whitehead Stoke L1
29%
1901-12-26 R Edwards QPR Wst
29%
1998-03-28 Robert Fleck Ipswich CH
29%
1896-11-14 Robert Gordon Southampton SL1
29%
2019-03-12 Ryan East Leeds CH
29%
2014-08-09 Ryan Edwards Wigan CH
29%
1998-03-28 Scott Howie Ipswich CH
29%
2006-08-19 Seol Ki-Hyeon Middlesbrough PL
29%
2009-09-12 Shaun Cummings Doncaster CH
29%
1998-03-28 Stuart Gray Ipswich CH
29%
2025-03-08 Tom Carroll Crawley L1
29%
1996-10-05 Tommy Wright Wolves CH
29%
1995-08-12 Trevor Morley Stoke CH
29%
1904-09-03 W Cummings Portsmouth SL1
29%
1933-08-26 William Wright Exeter D3S
29%
2016-01-23 Yann Kermorgant Sheff Wed CH
29%
1911-09-02 Allen Foster Brentford SL1
26%
1988-09-17 Andy King Wigan L1
26%
2017-08-08 Andy Rinomhota Gillingham LC
26%
2000-08-12 Anthony Rougier Millwall L1
26%
1958-03-17 Barry King QPR D3S
26%
1911-02-20 Charles Roach Stoke SL2
26%
2019-08-03 Charlie Adam Sheff Wed CH
26%
2005-08-23 Chris Makin Swansea LC
26%
2025-08-02 Daniel Kyerewaa Lincoln L1
26%
1986-01-21 Deane Foster Bournemouth FLT
26%
1908-09-23 Frederick Morley QPR SL1
26%
2007-03-17 Greg Halford Portsmouth PL
26%
1925-09-03 Jack Robson QPR D3S
26%
1897-09-11 James Foster Swindon SL1
26%
2025-08-12 John Ryan Portsmouth LC
26%
2001-11-03 John Salako Northampton L1
26%
2007-08-15 Kalifa Cisse Chelsea PL
26%
1988-09-21 Keith Knight Southend L1
26%
1991-08-17 Kevin Dillon Hull L1
26%
1898-04-23 ? King Swindon Wst
26%
1988-04-09 Mark Robson Barnsley CH
26%
1995-08-19 Michael Meaker Derby CH
26%
2022-08-27 Naby Sarr Millwall CH
26%
1997-04-19 Neville Roach Grimsby CH
26%
2003-04-30 Peter Castle Watford CH
26%
1966-08-20 Ron Foster Torquay L1
26%
1934-01-17 Thomas Foster Newport D3S
26%
1895-10-26 Tom Gray Millwall SL1
26%
1971-03-27 Tom Ryan Swansea L1
26%
2006-09-19 Ulises De La Cruz Darlington LC
26%
2013-08-03 Wayne Bridge Ipswich CH
26%
1934-11-10 William Robson Aldershot D3S
26%
2014-08-19 Aaron Kuhl Huddersfield CH
24%
2011-02-19 Alex McCarthy Watford CH
24%
1949-08-20 Brynley Allen Swindon D3S
24%
1900-03-14 Charles Barnes Ebbsfleet SL1
24%
1993-02-06 Darren Jackson Hartlepool L1
24%
1961-08-19 Denis Allen Coventry L1
24%
2013-01-19 Hope Akpan Newcastle PL
24%
1991-11-30 Jim Leighton Stockport L1
24%
1907-09-04 Joe McGhie Millwall SL1
24%
2010-08-11 Jordan Obita Torquay LC
24%
1939-03-22 Kenneth McCarthy Crystal Palace D3SC
24%
2015-09-11 Lucas Piazon Ipswich CH
24%
1888-10-06 M A Harrison Luton FA
24%
1981-04-04 Michael Barnes Exeter L1
24%
1996-08-17 Paul Bodin Sheff Utd CH
24%
2015-08-08 Paul McShane Birmingham CH
24%
1957-08-24 Peter Harrison Coventry D3S
24%
1936-08-29 Ralph Allen Torquay D3S
24%
2016-08-06 Roy Beerens Preston CH
24%
1899-10-04 Sapper Harrison QPR S&DC
24%
2003-08-09 Shaun Goater Ipswich CH
24%
2024-08-20 Shay Spencer West Ham U21 FLT
24%
2012-01-28 Tomasz Cywka Bristol City CH
24%
1919-12-26 Tom F Jackson Gillingham SL1
24%
1959-08-22 Tom McGhee Port Vale L1
24%
1993-10-01 Uwe Hartenberger Swansea L1
24%
2015-02-10 Yakubu Aiyegbeni Leeds CH
24%
1899-03-04 Arthur Turner Brighton SL1
21%
2025-02-08 Billy Bodin Huddersfield L1
21%
1965-04-17 Brian Knight Brentford L1
21%
2024-09-14 Chem Campbell Leyton Orient L1
21%
2008-08-30 Chris Armstrong Crystal Palace CH
21%
2012-08-18 Danny Guthrie Stoke PL
21%
2017-08-22 Danny Loader Millwall LC
21%
1994-08-13 Dariusz Wdowczyk Wolves CH
21%
1922-09-02 E Joseph North Bristol City D3S
21%
2007-08-25 Emerse Fae Bolton PL
21%
1881-10-29 F B Thompson Hendon FA
21%
1923-08-25 George Thompson Watford D3S
21%
1902-10-20 Harry¹ Turner Brentford Wst
21%
1908-02-29 Harry Turner Northampton SL1
21%
1907-11-20 ? Hopkins Luton Wst
21%
2009-02-28 Jay Tabb Nottm Forest CH
21%
1992-08-22 Jeff Hopkins Leyton Orient L1
21%
1889-10-26 J L Houghton Old Saint Pauls FA
21%
1907-09-04 John Boden Millwall SL1
21%
1967-08-19 John Collins Stockport L1
21%
2006-01-28 John Halls Birmingham FA
21%
1976-03-02 John Turner Newport L2
21%
1977-10-01 Lawrie Sanchez Wimbledon L2
21%
2020-09-05 Luke Southwood Colchester LC
21%
2008-01-19 Marek Matejovsky Man Utd PL
21%
1997-08-30 Mark Robins Bradford CH
21%
2007-02-24 Michael Duberry Middlesbrough PL
21%
2017-08-05 Modou Barrow QPR CH
21%
2015-04-04 Nathan Ake Cardiff CH
21%
2020-09-15 Nelson Abbey Luton LC
21%
1913-04-26 ? Newman Norwich SL1
21%
1905-10-30 ? North Fulham Wst
21%
1904-03-26 Peter Howe Plymouth Wst
21%
1964-11-07 Peter Knight Port Vale L1
21%
1998-08-08 Peter Van Der Kwaak Wrexham L1
21%
1997-08-09 Ray Houghton Bury CH
21%
1993-08-14 Ray Ranson Huddersfield L1
21%
2017-03-11 Reece Oxford Preston CH
21%
2000-03-18 Ricky Newman Burnley L1
21%
2017-09-09 Sone Aluko Bristol City CH
21%
1961-01-11 Stan Turner Barnsley FA
21%
1987-02-28 Steve Francis Shrewsbury CH
21%
2019-05-05 Teddy Howe Birmingham CH
21%
1877-11-07 Thomas H Turner Sth Norwood FA
21%
1891-02-21 Tom Turner Windsor Phoenix B&B
21%
1892-10-15 William Knight Clifton (Bristol) FA
21%
2015-03-14 Zat Knight Watford CH
21%
1922-08-26 Albert Read Bristol City D3S
19%
2015-08-22 Alex Fernandez Milton Keynes CH
19%
1911-02-04 A M Ball Salisbury SL2
19%
2010-01-16 Andy Griffin Nottm Forest CH
19%
1999-01-16 Andy Gurney Bristol Rvrs L1
19%
2009-08-11 Ben Hamer Burton LC
19%
1988-02-13 Billy Whitehurst Millwall CH
19%
1954-08-28 Bobby Campbell Shrewsbury D3S
19%
1926-11-20 Charles J Campbell Bradford CH
19%
1998-09-19 Chris Casper Colchester L1
19%
2003-04-30 Darren Campbell Watford CH
19%
1934-04-21 David (Dan) Samuel Bristol City D3S
19%
1963-12-21 David Grant Luton L1
19%
2021-08-21 David (Junior) Hoilett Coventry CH
19%
1992-03-28 David Robinson Chester L1
19%
1983-08-27 Dean Horrix Blackpool L2
19%
2012-12-11 Dominic Samuel Sunderland PL
19%
1998-08-08 Elroy Kromheer Wrexham L1
19%
2009-08-29 Grzegorz Rasiak Barnsley CH
19%
1893-11-04 G T Campbell Newbury FA
19%
1920-11-13 Harold Rose Norwich L1
19%
1890-10-04 Harry H Read Ipswich FA
19%
1893-11-25 H L Campbell Southampton FA
19%
2019-08-03 Joao Virginia Sheff Wed CH
19%
2020-09-05 Josh Laurent Colchester LC
19%
2019-08-10 Judilson (Pele) Gomes Hull CH
19%
1921-10-15 Leonard Grant Plymouth D3S
19%
1982-04-24 Mark Matthews Southend L1
19%
1982-09-18 Martin Robinson Chesterfield L1
19%
2000-01-29 Matthew Robinson Colchester L1
19%
2000-04-29 Nathan Tyson Bury L1
19%
1995-12-16 Nicky Hammond Sunderland CH
19%
1994-08-16 Paul Holsgrove Gillingham LC
19%
1999-08-21 Peter Grant Luton L1
19%
2019-08-13 Rafael Barbosa Wycombe LC
19%
2016-05-07 Robert Dickie Blackburn CH
19%
1913-11-26 ? Robinson Southampton SCC
19%
2011-08-23 Sean Morrison Charlton LC
19%
2023-08-05 Tivonge Rushesha Peterborough L1
19%
2012-09-26 Adrian Mariappa QPR LC
17%
2001-02-10 Adrian Whitbread Brentford L1
17%
1998-02-21 Andy Legg Portsmouth CH
17%
1908-02-29 B Adams Northampton SL1
17%
1997-01-04 Byron Glasgow Southampton FA
17%
2023-11-14 Charlie Wellens Arsenal U21 FLT
17%
2013-09-21 Chris Baird Derby CH
17%
1985-08-17 Colin Baillie Blackpool L1
17%
2021-09-18 Danny Drinkwater Fulham CH
17%
2016-08-23 Danzell Gravenberch Milton Keynes LC
17%
1993-03-06 David McDonald Fulham L1
17%
2023-09-16 Dominic Ballard Bolton L1
17%
1933-03-18 Frederick Gamble Luton D3S
17%
1983-10-01 Gary Westwood Darlington L2
17%
1911-10-21 Harvey Bennett Brighton SL1
17%
2014-08-16 Jack Stacey Ipswich CH
17%
2004-03-13 Jamie Young Stoke CH
17%
1997-12-26 Jason Bowen West Brom CH
17%
1967-04-01 Jimmy Mullen Bournemouth L1
17%
2000-08-22 Joe Gamble Leyton Orient LC
17%
1921-09-07 John H Bennett Merthyr D3S
17%
1912-01-24 John James (Jack) Bell Brighton SCC
17%
1891-10-03 Johnny H George Newbury FA
17%
2018-08-14 John O'Shea Birmingham LC
17%
2017-02-04 Jordan Mutch Ipswich CH
17%
2015-04-04 Kwesi Appiah Cardiff CH
17%
1937-11-13 Len Young Mansfield D3S
17%
1909-10-04 Leonard Andrews QPR SL1
17%
2020-11-07 Lewis Gibson Stoke CH
17%
2017-02-04 Lewis Grabban Ipswich CH
17%
1997-08-09 Linvoy Primus Bury CH
17%
1999-12-08 Mark Bowen Leyton Orient FLT
17%
1996-01-20 Martyn Booty Stoke CH
17%
2011-01-22 Mathieu Manset Hull CH
17%
1924-08-30 Matthew Young Exeter D3S
17%
2023-08-08 Matty Carson Millwall LC
17%
2014-01-18 Michael Hector Bolton CH
17%
2019-08-10 Michael Morrison Hull CH
17%
1987-08-29 Mick Tait Plymouth CH
17%
1926-09-11 Murdock (Matt) McDonald Barnsley CH
17%
2015-01-24 Nathaniel Chalobah Cardiff FA
17%
1976-08-14 Paul Bennett Peterborough LC
17%
1912-01-01 Robert Gibson Southampton SL1
17%
1887-11-12 R Oliver Windsor B&B
17%
2021-09-29 Scott Dann Derby CH
17%
1900-03-26 ? Stacey Arsenal S&DC
17%
1970-03-14 Terry Bell Halifax L1
17%
1986-02-22 Terry Hurlock Swansea L1
17%
1965-08-21 Terry McDonald Watford L1
17%
1934-11-10 Thomas Tait Aldershot D3S
17%
2023-10-10 Tom Norcott Swindon FLT
17%
1977-10-15 Wayne Wanklyn Scunthorpe L2
17%
1887-12-10 William G George Windsor B&B
17%
1890-11-22 W T Oliver Maidenhead B&B
17%
1930-08-30 Adam Allan Tottenham CH
14%
1889-10-26 A E Hill Old Saint Pauls FA
14%
1977-08-13 Alan Lewis Watford LC
14%
1883-11-17 Albert Fry Sth Reading FA
14%
1999-08-24 Alex Haddow Peterborough LC
14%
1999-03-27 Andy McLaren Man City L1
14%
1908-03-21 A Owen West Ham SL1
14%
2021-09-11 Baba Rahman QPR CH
14%
2020-01-25 Ben House Cardiff FA
14%
2012-03-24 Benik Afobe Blackpool CH
14%
1889-10-26 B Harding Old Saint Pauls FA
14%
1995-09-23 Boris (Bobby) Mihaylov Port Vale CH
14%
1889-12-28 C House Theale B&B
14%
1995-10-28 Chris Woods Ipswich CH
14%
2023-09-04 Clinton Mola Cambridge L1
14%
2014-08-12 Craig Tanner Newport LC
14%
2009-04-22 Dan Harding Derby CH
14%
1960-08-20 David Head Newport L1
14%
2008-08-26 David Mooney Luton LC
14%
2016-02-06 Deniss Rakels Wolves CH
14%
1953-12-26 Edward McLaren Torquay D3S
14%
2005-09-10 Eric Obinna Chukwunyelu Coventry CH
14%
1890-10-04 Ernie Lewis Ipswich FA
14%
1987-08-22 Francis Joseph Leeds CH
14%
1889-01-19 Frank E Chapman Marlow B&B
14%
1910-01-15 F W Chapman Wolves FA
14%
1988-10-29 Gary Phillips Northampton L1
14%
1889-10-26 George Harding Old Saint Pauls FA
14%
1895-09-14 George Reid Ilford SL1
14%
1913-09-13 H Sydney Crawford Exeter SL1
14%
1935-10-30 Jack Carter Aldershot D3SC
14%
1951-08-18 Jack Lewis Port Vale D3S
14%
2025-09-02 Jacob Borgnis Swindon FLT
14%
1897-10-02 James¹ Crawford Millwall SL1
14%
2000-09-12 Jamie Ashdown Oldham L1
14%
2022-07-30 Jeff Hendrick Blackpool CH
14%
1998-03-28 Jimmy Crawford Ipswich CH
14%
1922-08-26 John Allan Bristol City D3S
14%
1966-08-20 John Chapman Torquay L1
14%
2015-08-08 Jonathan Bond Birmingham CH
14%
2017-08-05 Jon Dadi Bodvarsson QPR CH
14%
2016-08-17 Joseph Mendes Newcastle CH
14%
2016-03-08 Josh Barrett Huddersfield CH
14%
1896-09-19 J S Hill Northfleet SL1
14%
2012-01-07 Lawson D'Ath Stevenage FA
14%
2007-09-15 Liam Rosenior Sunderland PL
14%
2020-09-15 Lynford Sackey Luton LC
14%
2015-09-11 Matej Vydra Ipswich CH
14%
2019-01-29 Matt Miazga Bolton CH
14%
2006-04-17 Michael Dobson Stoke CH
14%
1998-03-03 Michael O'Neill Stockport CH
14%
2014-09-20 Mikkel Andersen Sheff Wed CH
14%
1986-12-06 Neil Smillie Derby CH
14%
2022-03-15 Orjan Nyland Bournemouth CH
14%
1896-01-11 ?? Robertson Swindon SL1
14%
2009-08-08 Ryan Bertrand Nottm Forest CH
14%
2018-08-03 Sam Baldock Derby CH
14%
2025-09-30 Sean Patton West Ham U21 FLT
14%
2005-09-20 Sekou Baradji Luton LC
14%
1986-01-21 Steve Head Bournemouth FLT
14%
1882-11-18 Thomas E Hill Sth Reading B&B
14%
1878-11-09 Titus Lewis Hendon FA
14%
1887-10-15 T M Reed Dulwich FA
14%
2024-08-20 Tyler Sackey West Ham U21 FLT
14%
1936-01-15 William Owen QPR D3S
14%
1950-08-30 William Parker Watford D3S
14%
1936-01-15 William Robertson QPR D3S
14%
2010-02-06 Zurab Khizanishvili Doncaster CH
14%
2024-08-13 Adrian Akande Colchester LC
12%
1901-09-02 Alexander Davidson Swindon Wst
12%
2020-10-17 Alfa Semedo Middlesbrough CH
12%
1899-09-20 Andrew Nelson Millwall S&DC
12%
2016-08-09 Anssi Jaakkola Plymouth LC
12%
1929-11-02 Arthur Bacon Bury CH
12%
1926-03-13 Arthur Mason Millwall D3S
12%
1969-08-09 Barry Wagstaff Plymouth L1
12%
2024-11-05 Boyd Beacroft Cheltenham FLT
12%
2016-08-06 Callum Harriott Preston CH
12%
1990-08-25 Craig Maskell Exeter L1
12%
1903-02-14 C Wilkins Southampton SL1
12%
2013-01-12 Daniel Carrico West Brom PL
12%
2018-08-03 David Meyler Derby CH
12%
2022-08-09 Dean Bouzanis Stevenage LC
12%
2003-12-20 Dean Morgan Crystal Palace CH
12%
1976-03-13 Denis Nelson Bradford L2
12%
1950-08-19 Denis Simpson Walsall D3S
12%
1950-05-06 Douglas Davidson Bristol Rvrs D3S
12%
1996-01-10 Eric Nixon Leeds LC
12%
1975-02-22 Geoff Barker Bradford L2
12%
1909-09-04 H Shepherd Luton SL1
12%
1903-09-16 Jackie Simpson Southampton Wst
12%
1883-11-10 J Bird-Thomson Sth Reading FA
12%
2022-07-30 Joe Lumley Blackpool CH
12%
1878-11-09 John R Morgan Hendon FA
12%
2017-08-19 Leandro Bacuna Preston CH
12%
2022-08-09 Mamadou Loum Stevenage LC
12%
1999-03-10 Mark McKeever Stoke L1
12%
1998-08-22 Mark Reilly Luton L1
12%
2009-08-25 Michail Antonio Barnsley LC
12%
1903-04-11 ? Morgan West Ham Wst
12%
2019-01-29 Nelson Oliveira Bolton CH
12%
2009-08-11 Nicholas Bignall Burton LC
12%
1986-08-27 Paul Canoville Bristol Rvrs LC
12%
1937-11-13 Peter Simpson Mansfield D3S
12%
1982-11-06 Phil Stant Newport L1
12%
1881-11-26 R M Bird-Thomson West End FA
12%
1921-08-27 Robert Eggo Newport D3S
12%
1897-11-06 Sam Ashcroft Tottenham SL1
12%
2022-08-20 Sam Hutchinson Middlesbrough CH
12%
2006-08-26 Sam Sodje Wigan PL
12%
2006-04-17 Scott Golbourne Stoke CH
12%
1999-05-08 Sean Evers Oldham L1
12%
1971-12-18 Steve Hetzke Darlington L2
12%
1997-02-22 Steve Mautone Southend CH
12%
1995-08-19 Steve Swales Derby CH
12%
1980-08-08 Stuart Beavon Northampton LC
12%
1969-11-08 Stuart Morgan Brighton L1
12%
2015-05-02 Tariqe Fosu Derby CH
12%
2017-01-21 Tiago Ilori Derby CH
12%
2020-10-20 Tomas Esteves Wycombe CH
12%
2021-08-17 Tom Dele-Bashiru Bristol City CH
12%
1969-08-09 Tony Wagstaff Plymouth L1
12%
2016-08-27 Tyler Blackett Cardiff CH
12%
2021-11-02 Tyrell Ashcroft Millwall CH
12%
2022-07-30 Tyrese Fornah Blackpool CH
12%
2017-08-05 Vito Mannone QPR CH
12%
1913-12-20 William Thomson Northampton SL1
12%
1881-03-03 W Simpson Marlow B&B
12%
2014-08-23 Aaron Tshibola Nottm Forest CH
10%
2017-02-11 Adrian Popa Barnsley CH
10%
1895-09-14 A Graham Ilford SL1
10%
2021-08-28 Alen Halilovic Huddersfield CH
10%
1912-10-02 Andrew Burton Gillingham SL1
10%
2017-08-08 Axel Andresson Gillingham LC
10%
2022-02-19 Brandon Barker Preston CH
10%
2021-08-10 Claudio Osorio Swansea LC
10%
2006-01-17 Curtis Osano West Brom FA
10%
1990-12-26 Danny Bailey Grimsby L1
10%
1912-04-27 D Cameron Watford SL1
10%
2020-09-15 Dejan Tetek Luton LC
10%
1877-11-07 Donald C Marks Sth Norwood FA
10%
1920-10-30 Duncan Cameron Crystal Palace L1
10%
1920-10-23 Ernest Simms Crystal Palace L1
10%
2020-09-05 Ethan Bristow Colchester LC
10%
1990-10-20 Floyd Streete Bury L1
10%
1948-10-16 George Marks Aldershot D3S
10%
2010-01-16 Gunnar Thorvaldsson Nottm Forest CH
10%
1925-10-10 Harry Graham Newport D3S
10%
2012-03-17 Hayden Mullins Barnsley CH
10%
1896-02-08 James (Jimmy)¹ Reid Millwall SL1
10%
1908-03-14 Jimmy Reid Plymouth SL1
10%
2024-11-05 Joseph Barough Cheltenham FLT
10%
2018-08-22 Joshua Sims Blackburn CH
10%
2015-03-14 Jure Travner Watford CH
10%
2022-02-09 Karl Hein Bristol City CH
10%
1985-08-17 Kevin Bremner Blackpool L1
10%
1992-03-28 Lea Barkus Chester L1
10%
1997-08-09 Lee Hodges Bury CH
10%
1951-09-22 Leonard Hodges Brighton D3S
10%
1965-09-01 Maurice Cook Port Vale LC
10%
1945-11-17 Maurice Edelston Aldershot FA
10%
1994-10-15 Michael Murphy Bristol City CH
10%
1958-04-23 Mick Murphy Brentford D3S
10%
1899-10-25 ? Murphy Chatham S&DC
10%
1989-09-16 Naseem Bashir Walsall L1
10%
1998-11-21 Neil Clement Northampton L1
10%
1970-08-01 Nicholas Murphy Man Utd Wtny
10%
2015-09-19 Paolo Hurtado Bristol City CH
10%
1977-01-15 Pat Earles Wrexham L1
10%
2017-08-05 Pelle Clement QPR CH
10%
2025-09-30 Philip Duah West Ham U21 FLT
10%
2015-11-07 Rowan Liburd Cardiff CH
10%
1936-10-03 Sidney Reid Cardiff D3S
10%
1987-11-14 Steve Moran Man City CH
10%
1907-09-04 Tom Rodger Millwall SL1
10%
1937-10-06 William Cook Bournemouth D3SC
10%
1911-09-13 William G (Joe) Bailey Norwich SL1
10%
2024-02-13 Zane Monlouis Fleetwood L1
10%
1906-09-24 A Day Chelsea Wst
7%
1982-09-04 Alan Judge Plymouth L1
7%
2020-01-04 Andre Burley Blackpool FA
7%
2015-03-14 Andrija Novakovich Watford CH
7%
1972-10-21 Andy Alleyne Southport L2
7%
1996-04-16 Andy Freeman Watford CH
7%
1985-08-17 Andy Rogers Blackpool L1
7%
1887-10-15 Arthur G L Rogers Dulwich FA
7%
1954-02-27 Barry Mansell Walsall D3S
7%
1972-04-29 Bob Lenarduzzi Colchester L2
7%
1878-12-18 C A Palmer Old Etonians FA
7%
2023-02-04 Cesare Casadei Watford CH
7%
1877-11-07 Charles G Field Sth Norwood FA
7%
1932-12-31 Charles Townsend Cardiff D3S
7%
1983-10-01 Colin Duncan Darlington L2
7%
1954-04-03 Cyril (Sammy) Chung QPR D3S
7%
1928-08-27 Daniel Ferguson Preston CH
7%
1977-11-19 Dave Sutton Huddersfield L2
7%
1969-09-06 Dick Habbin Doncaster L1
7%
1950-09-06 Douglas Barton Torquay D3S
7%
1878-11-23 Edgar Field Wallingford B&B
7%
1926-09-04 Ernest Porter Nottm Forest CH
7%
2020-02-08 Felipe Araruna Hull CH
7%
1910-09-03 Frank Jordan Kettering SL2
7%
1945-11-17 Fred Fisher Aldershot FA
7%
1948-08-21 Fred Reeve Crystal Palace D3S
7%
1991-03-02 Gary Brooke Fulham L1
7%
1958-12-20 George Buck QPR L1
7%
1989-10-31 George Friel Wigan L1
7%
1914-02-07 George Getgood (Goodman) Bristol Rvrs SL1
7%
1985-03-09 Glen Burvill Burnley L1
7%
1936-10-07 Glyn Jenkins QPR D3SC
7%
1959-04-20 Gordon (Fred) Neate Colchester L1
7%
1921-05-07 Harold Dale Millwall L1
7%
1877-11-07 Henry F Rogers Sth Norwood FA
7%
1880-11-13 Herbert Field Hotspur FA
7%
1934-09-08 Herbert Lawson Swindon D3S
7%
1955-10-08 Jack Cross Brighton D3S
7%
2023-05-08 Jack Senga-Ngoyi Huddersfield CH
7%
1920-09-18 James Wilde QPR L1
7%
1913-03-26 J C Jenkins Brighton SCC
7%
1950-08-19 Jimmy Johnston Walsall D3S
7%
1948-10-30 Jimmy Jordan Bristol City D3S
7%
1919-08-30 Jock Archibald Cardiff SL1
7%
1969-11-01 John Harley Rochdale L1
7%
1967-08-19 John Sainty Stockport L1
7%
1946-08-31 Ken Groves Bristol Rvrs D3S
7%
1983-01-29 Ken Price Lincoln L1
7%
2021-08-10 Kian Leavy Swansea LC
7%
2019-08-10 Lucas Boye Hull CH
7%
2018-08-11 Marc McNulty Nottm Forest CH
7%
2012-02-11 Matthew Connolly Coventry CH
7%
1987-10-17 Paul Franklin Huddersfield CH
7%
1992-12-12 Paul Moody Chester L1
7%
1973-01-20 Percy Freeman Hartlepool L2
7%
1975-08-16 Ray Hiron Rochdale L2
7%
1976-12-18 Richie Bowman Grimsby L1
7%
2018-09-22 Saeid Ezatolahi Hull CH
7%
1996-08-28 Sal Bibbo Barnsley CH
7%
1992-01-11 Steve Archibald Huddersfield L1
7%
1991-01-19 Steve Morrow Exeter L1
7%
1996-01-20 Steve Sutton Stoke CH
7%
1969-08-09 Tom Jenkins Plymouth L1
7%
2018-01-30 Tommy Elphick Burton CH
7%
1908-10-07 ?? Walters Brighton Wst
7%
1924-09-03 William Fergusson Newport D3S
7%
1908-11-07 William Lawson Bristol Rvrs SL1
7%
1877-11-07 William L Franklin Sth Norwood FA
7%
1947-10-18 William Price Norwich D3S
7%
1889-12-28 W (Sydney) Freeman Theale B&B
7%
2019-08-27 Akinwale Odimayo Plymouth LC
5%
1999-03-27 Alan Maybury Man City L1
5%
1900-09-01 Albert Bull Gillingham SL1
5%
1922-01-14 Albert Hurley Brighton D3S
5%
1938-08-31 Alfred Sams Bournemouth D3S
5%
1904-10-17 A Mitchell QPR Wst
5%
1976-11-20 Andy Painter Wealdstone FA
5%
1889-12-28 Arthur S Hampton Theale B&B
5%
1961-09-30 Arthur Wilkie Shrewsbury L1
5%
2020-02-15 Ayub Timbe Masika Sheff Wed CH
5%
1897-09-11 Ben Bull Swindon SL1
5%
1893-10-21 Bertie O Corbett Chesham FA Am
5%
2011-08-06 Bongani Khumalo Millwall CH
5%
1919-09-03 Charles Harold Stewart Exeter SL1
5%
1906-09-22 Chris Carrick Gillingham SL1
5%
2021-01-09 Conor Lawless Luton FA
5%
1898-02-19 ? Daniels Southampton SL1
5%
1966-09-10 Dave Bacuzzi QPR L1
5%
1992-04-25 David Bass Bournemouth L1
5%
1983-08-27 David Crown Blackpool L2
5%
1959-09-02 David High Newport L1
5%
1989-09-09 David Leworthy Notts County L1
5%
1975-08-16 Eamonn Dunphy Rochdale L2
5%
1912-09-07 Edward (Ginger) Mitchell Brentford SL1
5%
1923-09-08 Edwin Thorpe Portsmouth D3S
5%
1921-01-15 Frank Curtis Portsmouth L1
5%
1894-02-03 Frank Fletcher Royal Ordnance FA Am
5%
1929-08-31 Frank Kennedy Preston CH
5%
1933-09-23 Frank Newton Southend D3S
5%
1901-09-02 Frank Stokes Swindon Wst
5%
1903-09-05 Fred Bevan Portsmouth SL1
5%
1969-08-09 Fred Sharpe Plymouth L1
5%
1923-08-25 George Irwin Watford D3S
5%
1923-12-15 George Reay Luton D3S
5%
1973-11-10 Graham French Bradford L2
5%
1999-12-04 Graham Potter Bristol City L1
5%
1903-11-04 H G Stiles Portsmouth Wst
5%
1925-03-14 Hugh Davey Millwall D3S
5%
1976-11-03 Ian Porterfield Brighton L1
5%
1902-12-20 Jack Fletcher West Ham SL1
5%
1925-11-14 James Kennedy Watford D3S
5%
1909-11-20 James Wilkie Swindon SL1
5%
2020-12-16 Jayden Onen Norwich CH
5%
1878-11-23 J Charles Prior Wallingford B&B
5%
1909-09-18 J Dodds Crystal Palace SL1
5%
1894-01-13 Jimmy Stewart Maidenhead FA Am
5%
1993-12-11 John Humphrey Burnley L1
5%
1998-11-28 John Polston Lincoln L1
5%
1894-02-17 J Ward Old Carthusians FA Am
5%
1987-10-24 Keith Curle Bradford CH
5%
1969-08-09 Les Chappell Plymouth L1
5%
2003-02-10 Luke Chadwick Gillingham CH
5%
2000-01-03 Mark Nicholls Gillingham L1
5%
1995-09-16 Michael Thorp Leicester CH
5%
1988-09-28 Mike Conroy Bradford LC
5%
1978-02-08 Mike Kearney Torquay L2
5%
1920-04-10 Miles Howell Plymouth SL1
5%
1999-05-08 Neville Stamp Oldham L1
5%
1894-12-01 ? Nicholls Ilford SL1
5%
1998-02-28 Nick Colgan Crewe CH
5%
1987-02-21 Nigel Vaughan Crystal Palace CH
5%
2021-01-09 Oliver Pendlebury Luton FA
5%
2003-08-25 Omar Daley Rotherham CH
5%
1885-10-31 Oswald O Hayward Rochester FA
5%
2004-03-02 Paul Brooker Preston CH
5%
1989-12-17 Paul Lemon Northampton L1
5%
2023-08-19 Paul Mukariu Stevenage L1
5%
1928-10-06 Percy Thorpe Port Vale CH
5%
1949-09-14 Peter McLean Brighton D3S
5%
1971-08-14 Philip Archer Hartlepool L2
5%
1952-11-22 Ray Reeves Crystal Palace FA
5%
1995-09-23 Robert Codner Port Vale CH
5%
1921-11-05 Robert Gardiner Southampton D3S
5%
1923-09-03 Robert Marshall Swansea D3S
5%
1967-03-03 Roger Smee Shrewsbury L1
5%
1877-11-07 Stanley Hayward Sth Norwood FA
5%
1908-09-30 T Hearn Brighton Wst
5%
1884-11-15 Thomas H French Wycombe Alex. B&B
5%
1972-08-12 Tommy Youlden Crewe L2
5%
1999-02-06 Tony Thorpe Walsall L1
5%
1982-12-27 Wayne Tutty Bournemouth L1
5%
1958-11-22 William Gardiner Halifax L1
5%
1932-08-27 William Marshall Cardiff D3S
5%
1895-10-12 W Marshall Bristol St George FA
5%
1877-11-07 A K Wakeman Sth Norwood FA
2%
1956-02-25 Alan Wicks Southampton D3S
2%
1919-09-10 Alexander Christie Exeter SL1
2%
1922-08-26 Alexander Kane Bristol City D3S
2%
1914-09-02 Alf Stanley Rowlands Portsmouth SL1
2%
1953-02-14 Anthony Alexander Watford D3S
2%
1925-10-24 Ben Marsden Bristol City D3S
2%
1986-11-04 Bob Hazell Shrewsbury FMC
2%
1982-08-14 Brian Bason Oxford FLT
2%
1972-08-12 Bryan Carnaby Crewe L2
2%
1934-03-03 Charles Gregory Aldershot D3S
2%
1904-09-03 Charlie Bannister Portsmouth SL1
2%
1900-09-01 Charlie Cotton Gillingham SL1
2%
1948-03-13 Cliff Hatcher Brighton D3S
2%
1982-02-20 Colin Court Swindon L1
2%
1963-04-05 Colin Meldrum QPR L1
2%
1895-09-21 C Wheeler Gillingham SL1
2%
1991-11-27 Daniel Honey Slough FA
2%
1957-08-26 David Lawrence Plymouth D3S
2%
1903-09-05 David L Willis Portsmouth SL1
2%
1987-12-12 David Madden Leeds CH
2%
1984-09-04 Derrick Christie Millwall LC
2%
1982-08-21 Desmond MacMahon Aldershot FLT
2%
1902-12-26 E Aust QPR Wst
2%
1880-02-14 E Nicholson Old Philberdians B&B
2%
1923-08-25 Eugene Carney Watford D3S
2%
1880-11-20 Fred J Tuck Windsor Grosvenor B&B
2%
1894-10-13 F W Dickenson Clifton (Bristol) FA
2%
1898-03-21 F W Neale Warmley Wst
2%
1908-04-17 George Willis Brighton SL1
2%
1902-03-08 Harry Childs West Ham SL1
2%
1904-09-12 H Churchill Millwall Wst
2%
1910-02-19 Heber P Slatter Portsmouth SL1
2%
1877-11-07 Henry Ive Sth Norwood FA
2%
1902-09-06 Herbert Lyon West Ham SL1
2%
1901-09-02 Hilary (Henry) Griffiths Swindon Wst
2%
1936-01-15 Horace (Tom) Dollery QPR D3S
2%
1979-08-11 Hughie Cheetham Oxford LC
2%
1932-09-10 Hugh McMahon Norwich D3S
2%
1905-03-22 ? Humphreys Brentford Wst
2%
1938-08-27 H W (Johnny) Sherwood QPR D3S
2%
1984-11-17 Ian Juryeff Barry FA
2%
1902-09-06 Jack Flynn West Ham SL1
2%
1975-08-16 Jack Whitham Rochdale L2
2%
1909-09-15 James Alfred Bryan Gillingham SL1
2%
1932-10-22 James Liddle Bournemouth D3S
2%
1935-09-18 James Paterson Southend D3S
2%
1895-10-12 J Dickenson Bristol St George FA
2%
1905-02-27 ? Jeffreys Brentford Wst
2%
1947-02-01 Jim Crossley Ipswich D3S
2%
1904-09-12 Jimmy Riley Millwall Wst
2%
1953-04-18 Jimmy Wheeler Shrewsbury D3S
2%
1956-08-18 Jimmy Whitehouse QPR D3S
2%
1923-09-22 Jim Wicks Exeter D3S
2%
1913-03-15 Joe Dickenson Watford SL1
2%
1897-01-16 Joe OBrien Swindon SL1
2%
1978-11-25 John Alexander Gillingham FA
2%
1972-04-29 John Ashton Colchester L2
2%
1899-09-13 John Boyd Bristol City S&DC
2%
1972-08-12 John Hulme Crewe L2
2%
1937-08-28 John (Jack) Rimmer Millwall D3S
2%
1950-04-08 Johnny Brooks Bristol City D3S
2%
1970-04-08 John Pratt Tranmere L1
2%
1914-09-05 John Stevenson QPR SL1
2%
1932-12-15 Jonathan (Jonty) Rowe Coventry FA
2%
1924-08-30 Joseph Duckworth Exeter D3S
2%
1988-08-27 Karl Elsey Sheff Utd L1
2%
1999-11-27 Kevin Lisbie Scunthorpe L1
2%
1902-12-25 ? Lambie Millwall Wst
2%
1989-03-11 Lee Payne Brentford L1
2%
1951-09-08 Leslie Owens Torquay D3S
2%
1938-08-27 Magnus (Tony) MacPhee QPR D3S
2%
1970-08-01 Malcolm Swain Man Utd Wtny
2%
1988-12-03 Mark Whitlock Bristol City L1
2%
1906-11-14 ? McIntosh QPR Wst
2%
1934-01-17 Michael Boyle Newport D3S
2%
1970-10-03 Michael Mellows Wrexham L1
2%
1986-03-31 Nigel Stevenson Bournemouth L1
2%
1946-11-02 Norman Brooks Port Vale D3S
2%
1977-04-30 Ollie Kearns Tranmere L1
2%
1907-10-30 ? Painter Millwall Wst
2%
1964-08-22 Pat Terry Bournemouth L1
2%
1969-02-28 Paul Bence Stockport L1
2%
1933-10-28 Percy Whittaker Luton D3S
2%
1971-10-16 Peter Harman Hartlepool L2
2%
1960-09-08 Ralph Norton Notts County L1
2%
1955-12-26 Ray Hudson Brentford D3S
2%
1994-03-12 Ray Wallace Plymouth L1
2%
1937-03-26 Reginald (Ron) Butcher QPR D3S
2%
1912-02-17 Richard Charles Brooks Northampton SL1
2%
1956-03-31 Richard Spiers Newport D3S
2%
1963-08-24 Rod Thornhill Millwall L1
2%
1962-09-12 Roger Bill Notts County L1
2%
1979-11-07 Roger Joslyn Millwall L1
2%
1961-09-13 Roger Russell Chester LC
2%
1981-04-11 Ron Fearon Burnley L1
2%
1883-11-03 R Reynolds Marlow B&B
2%
1904-09-03 Sam Higginson Portsmouth SL1
2%
1921-08-27 Sam Jennings Newport D3S
2%
1881-11-19 S Golding Reading Minster B&B
2%
1915-02-03 ? Spiller Swindon SCC
2%
1907-12-04 S Strong West Ham Wst
2%
1949-10-22 Stan Wicks Nottm Forest D3S
2%
1997-03-31 Steve Blatherwick Barnsley CH
2%
1895-01-05 Steven V Shea Southampton SL1
2%
1952-12-20 Sylvan Anderton Leyton Orient D3S
2%
1937-09-11 Thomas Shipman Crystal Palace D3S
2%
1956-04-28 Tony McCall Coventry D3S
2%
1946-09-14 Trevor Churchill QPR D3S
2%
1961-10-16 Victor Batt Watford LC
2%
1909-09-23 ? Wallace Northampton SL1
2%
1952-12-13 Wally Hinshelwood Swindon D3S
2%
1882-11-18 Walter T S Tombs Sth Reading B&B
2%
1898-09-03 Walter Whittaker Sheppey SL1
2%
1880-02-14 W D Buckingham Old Philberdians B&B
2%
1909-09-01 William Birch Gillingham SL1
2%
1909-09-04 William Reynolds Luton SL1
2%
1899-09-13 William Ross Bristol City S&DC
2%
1937-04-24 William Wilks Millwall D3S
2%
1906-12-03 W or A Hazell QPR Wst
2%
1992-02-15 Aaron Giamattei Fulham L1
0%
1896-01-11 A Babes Swindon SL1
0%
1908-09-07 Adam Newbigging Leyton Wst
0%
1903-12-14 A Devine Southampton Wst
0%
1887-10-15 A Greenslade Dulwich FA
0%
1894-12-01 A J Forbes Ilford SL1
0%
1889-10-26 A J Hawes Old Saint Pauls FA
0%
1878-11-09 A J Kayll Hendon FA
0%
1994-03-05 Alan Carey Wrexham L1
0%
1969-01-29 Alan Hitchcock Barnsley L1
0%
1945-11-17 Alan McCrohan Aldershot FA
0%
1965-08-21 Alan Scarrott Watford L1
0%
1906-09-01 Alan S Turnbull Millwall SL1
0%
1971-11-06 Alan Wooler Cambridge L2
0%
1911-12-02 Albert E Bartlett Castleford FA
0%
1933-08-26 Albert Hayhurst Exeter D3S
0%
1904-09-12 Alexander Crombie Millwall Wst
0%
1923-09-01 Alexander Goldie Watford D3S
0%
1922-08-26 Alexander McCaig Bristol City D3S
0%
1910-09-03 Alexander McCulloch Kettering SL2
0%
1905-09-02 Alexander Newbigging Tottenham SL1
0%
1906-09-15 Alexander Weir Portsmouth SL1
0%
1934-12-22 Alfred Fitzgerald Charlton D3S
0%
1880-11-13 Alfred J Cripps Hotspur FA
0%
1923-12-15 Alfred Messer Luton D3S
0%
1903-10-21 Alfred Milward Bristol Rvrs Wst
0%
1985-02-06 Alistair Sperring Brentford FLT
0%
1991-10-11 Allan Cockram Wigan L1
0%
1908-09-19 Allan Frame Portsmouth SL1
0%
1896-10-17 ? Allum Swindon SL1
0%
1922-11-04 Alonzo (Jerry) Poulton Watford D3S
0%
1908-01-01 ? Alp West Ham Wst
0%
1888-10-06 A M Colyer Luton FA
0%
1971-11-20 Andy Proudlove Bridgewater FA
0%
1898-09-14 Anthony (Micky) Leonard (Bamford) Arsenal Utd
0%
1908-10-12 Anthony Whichelow Luton Wst
0%
1905-09-04 Archibald Lindsay Tottenham Wst
0%
1945-11-17 Archie Summerfield Aldershot FA
0%
1908-09-02 Arthur Crump Brentford SL1
0%
1936-08-29 Arthur (Dennis) Watkin Torquay D3S
0%
1894-09-22 Arthur G Kelsey Swindon SL1
0%
1896-03-21 Arthur Hadley Swindon SL1
0%
1907-09-11 Arthur Hallworth Crystal Palace Wst
0%
1898-04-27 Arthur Howes Bristol Rvrs Wst
0%
1921-10-29 Arthur Kempton Norwich D3S
0%
1921-08-27 Arthur McGarry Newport D3S
0%
1901-04-22 ? Ashworth QPR Wst
0%
1939-03-08 Attolia Nicoli Crystal Palace D3SC
0%
1884-12-13 Augustus S Orlebar Marlow B&B
0%
1908-10-10 A Warwick Gillingham SL1
0%
1890-10-04 A Woodland Ipswich FA
0%
1977-01-22 Barry Butlin Gillingham L1
0%
1969-08-26 Barry Rowan Barnsley L1
0%
1898-10-08 ? Bayne Bedminster SL1
0%
1946-08-31 Beaumont (Bill) Ratcliffe Bristol Rvrs D3S
0%
1959-09-14 Bernard Goodall Shrewsbury L1
0%
1915-02-20 Bertram Victor Ralphs Northampton SL1
0%
1948-02-14 Bill Amor Ipswich D3S
0%
1959-08-22 Bill Lacey Port Vale L1
0%
1937-10-06 Bill Layton Bournemouth D3SC
0%
1949-10-08 Bill Livingstone Torquay D3S
0%
1904-09-03 Bill M Raisbeck Portsmouth SL1
0%
1907-10-23 ? Blackwell Bristol Rvrs Wst
0%
1958-08-23 Bobby Ayre QPR L1
0%
1955-01-01 Brian Bedford Shrewsbury D3S
0%
1973-09-17 Brian Bromley Brentford L2
0%
1977-02-26 Brian Drysdale Bury L1
0%
1964-03-30 Brian Faulkes Crewe L1
0%
1955-09-06 Brian Kirkup Watford D3S
0%
1953-02-07 Brian Leach Southend D3S
0%
1991-03-30 Brian Statham Grimsby L1
0%
1895-10-26 B Rossiter Millwall SL1
0%
1897-03-20 ? Browett Tottenham SL1
0%
1973-11-03 Bruce Stuckey Gillingham L2
0%
1936-11-07 Bryan Dalton Southend D3S
0%
1894-12-01 B Steward Ilford SL1
0%
1897-02-13 ? Cassidy Chatham SL1
0%
1907-09-18 C Caravossa Crystal Palace Wst
0%
1930-09-17 Cecil Halkyard Millwall CH
0%
1886-01-09 Charles E Murdoch Marlow B&B
0%
1935-08-31 Charles Keetley Coventry D3S
0%
1919-08-30 Charles William Harbridge Cardiff SL1
0%
1878-12-18 Charles Wollaston Old Etonians FA
0%
1901-03-13 Charles York Bristol Rvrs Wst
0%
1947-11-22 Chris Bertschin Swindon D3S
0%
1960-08-20 Chris Palethorpe Newport L1
0%
1990-08-25 Chris Seymour Exeter L1
0%
1979-09-01 Chris Sparks Gillingham L1
0%
1884-11-08 C J Cornish Rochester FA
0%
1907-09-18 C Kirkpatrick Crystal Palace Wst
0%
1932-12-26 Clifford Walmsley Crystal Palace D3S
0%
1907-09-04 Colin Mainds Millwall SL1
0%
1896-12-19 C O Wallington Gillingham SL1
0%
1930-09-08 Cyril Gilhespy Millwall CH
0%
1938-02-12 Cyril Ordish Bristol City D3S
0%
1946-11-02 Cyril O'Sullivan Port Vale D3S
0%
1912-09-07 (Daft) Rab Bernard Brentford SL1
0%
1895-11-30 Daniel Speirs Royal Ordnance SL1
0%
1994-11-19 Darren Barnard Southend CH
0%
1992-12-28 Darren McCance Mansfield L1
0%
1987-12-28 Dave Cowling Crystal Palace CH
0%
1954-11-25 Dave Meeson Colchester FA
0%
1974-08-17 Dave Moreline Cambridge L2
0%
1979-09-15 Dave Shipperley Carlisle L1
0%
1950-03-18 David Bewley Northampton D3S
0%
1962-10-03 David Bridger Bournemouth L1
0%
1907-09-04 David Dougal Millwall SL1
0%
1952-02-02 David Grieve Northampton D3S
0%
1975-02-01 David Tearse Workington L2
0%
1957-09-21 David Tune Watford D3S
0%
1986-11-15 Dean Crombie Brighton CH
0%
1968-11-02 Denis Bishton Mansfield L1
0%
1954-01-02 Denis Penford Coventry D3S
0%
1953-02-07 Denis Uphill Southend D3S
0%
1958-10-13 Dick McCartney Crystal Palace SFC
0%
1896-02-08 D MacFarlane Millwall SL1
0%
1951-03-26 Douglas Farquhar Bristol City D3S
0%
1946-08-31 Douglas Sears Bristol Rvrs D3S
0%
1912-10-12 Dr Cecil Burnham Exeter SL1
0%
1915-02-03 D V Hadley Swindon SCC
0%
1905-10-18 ? Dyke Millwall Wst
0%
1883-11-17 E Deacon Sth Reading FA
0%
1903-01-14 Edgar Bluff Tottenham SCC
0%
1924-09-03 Edward Braithwaite Newport D3S
0%
1903-09-16 Edward Brumley Southampton Wst
0%
1929-12-28 Edward Douglas Preston CH
0%
1905-09-02 Edward Gettins Tottenham SL1
0%
1898-09-14 Edward Goldie Arsenal Utd
0%
1931-08-29 Edward Harston Luton D3S
0%
1953-08-20 Edward Quinlan Newport D3S
0%
1895-01-12 Edward Shaw Chatham SL1
0%
1887-11-12 Edwin Harrowell Windsor B&B
0%
1895-09-28 E G Hatton Southampton SL1
0%
1887-11-12 E Hopson Windsor B&B
0%
1910-09-03 E J Hornby Kettering SL2
0%
1907-09-04 Ellis Gee Millwall SL1
0%
1888-10-06 E Nailer Luton FA
0%
1911-11-04 E O Meader Coventry SL1
0%
1907-09-07 Ernest Coquet Bradford PA SL1
0%
1900-09-15 Ernest (Dick) Pegg QPR SL1
0%
1920-03-20 Ernest Dilley Norwich SL1
0%
1912-04-22 Ernest Gadsby Southend SCC
0%
1913-02-08 Ernest Grimsdell Portsmouth SL1
0%
1888-10-06 Ernest Steward Luton FA
0%
1966-11-16 Ernie Yard Grimsby L1
0%
1887-12-10 E Woodley Windsor B&B
0%
1906-11-21 F Barrington Fulham Wst
0%
1908-09-12 F Grimster Swindon SL1
0%
1894-09-22 ? Findlay Swindon SL1
0%
1896-10-17 ? Fitzpatrick Swindon SL1
0%
1909-09-01 F J Kilsby Gillingham SL1
0%
1888-12-01 Francis M Ingram OBE Chesham B&B
0%
1895-10-05 Frank Dandridge Luton SL1
0%
1889-10-26 Frank Deane Old Saint Pauls FA
0%
1903-09-05 Frank Dilks Portsmouth SL1
0%
1930-08-30 Frank Eaton Tottenham CH
0%
1906-12-15 Frank Edgley Norwich SL1
0%
1881-10-29 Frank Haydon Hendon FA
0%
1974-12-28 Frank Parsons Stockport L2
0%
1935-02-23 Frank Wildman Exeter D3S
0%
1905-02-18 Fred Bartholomew Gillingham SL1
0%
1908-09-02 Freddie Burch Brentford SL1
0%
1908-09-02 Freddie Wheatcroft Brentford SL1
0%
1935-10-05 Frederick Briggs Notts County D3S
0%
1933-01-07 Frederick Chandler Swindon D3S
0%
1908-11-11 Frederick E Bullock Croydon Wst
0%
1922-10-21 Frederick Garrett Portsmouth D3S
0%
1900-11-03 Frederick George Arnett Oxford City FA
0%
1931-12-26 Frederick Gorringe Coventry D3S
0%
1919-08-30 Frederick James Mavin Cardiff SL1
0%
1906-11-24 Frederick Milnes West Ham SL1
0%
1938-08-27 Frederick Smallwood QPR D3S
0%
1903-09-05 Fred Heywood Portsmouth SL1
0%
1938-12-26 Fred Houldsworth Walsall D3S
0%
1910-04-30 Fred Latham Southampton SL1
0%
1907-09-11 Fred Wilkes Crystal Palace Wst
0%
1889-01-19 F W Dewe Marlow B&B
0%
1981-11-27 Gary Donnellan Southend L1
0%
1977-09-10 Gary Goodchild Torquay L2
0%
1979-08-25 Gary Heale Barnsley L1
0%
1903-01-21 G Cutts Bristol Rvrs Wst
0%
1930-09-17 George Balmforth Millwall CH
0%
1880-01-10 George B Grundy Windsor Home Park B&B
0%
1920-11-13 George Broskom Norwich L1
0%
1909-09-01 George Chapple Gillingham SL1
0%
1948-12-27 George Cryle Swansea D3S
0%
1929-02-25 George (Dicky) Boland Port Vale CH
0%
1887-11-12 George Earley Windsor B&B
0%
1884-11-08 George Egerton Rochester FA
0%
1880-01-10 George F Fuller Windsor Home Park B&B
0%
1955-08-27 George Forrester Millwall D3S
0%
1919-09-10 George H Horler Exeter SL1
0%
1958-08-23 George McLuckie QPR L1
0%
1922-04-14 George Sayles Charlton D3S
0%
1979-03-24 George Shipley Rochdale L2
0%
1922-12-25 George Springell Southend D3S
0%
1908-03-28 George William Hancock QPR SL1
0%
1936-09-19 Gerald Kirkman Walsall D3S
0%
1991-11-30 Gerard Britton Stockport L1
0%
1905-11-20 G Fulker West Ham Wst
0%
1936-09-23 Gilbert Glidden Bristol City D3S
0%
1877-11-07 Gilbert Sillence Sth Norwood FA
0%
1948-04-03 Gordon Brice Port Vale D3S
0%
1904-04-01 ? Graves QPR Wst
0%
1909-09-08 G Redford Leyton SL1
0%
1906-12-27 ? Gurdon Brentford SL1
0%
1893-10-14 Hardy Frewin Warmley FA
0%
1938-10-12 Harold (Jackie) Deverall Bristol City D3SC
0%
1950-08-19 Harold Kinsell Walsall D3S
0%
1922-09-23 Harold Littlehales Plymouth D3S
0%
1920-02-14 Harold Weston Newport SL1
0%
1931-09-19 Harry Bruce Swindon D3S
0%
1903-12-26 Harry Cadwell QPR Wst
0%
1923-09-03 Harry Cockerill Swansea D3S
0%
1927-12-03 Harry Goodwin Wolves CH
0%
1906-09-01 Harry Grundy Millwall SL1
0%
1957-08-24 Harry Gunning Coventry D3S
0%
1924-08-30 Harry Higginbotham Exeter D3S
0%
1900-09-01 Harry L Mainman Gillingham SL1
0%
1898-09-03 Harry Millar Sheppey SL1
0%
1953-02-07 Harry Robshaw Southend D3S
0%
1919-12-27 H B Cordell Luton SL1
0%
1905-09-02 H Devlin Tottenham SL1
0%
1927-02-26 Hector Girvan Oldham CH
0%
1893-10-14 Henry Titcombe Warmley FA
0%
1890-11-22 Henry V Hewitt Maidenhead B&B
0%
1927-08-27 Herbert Batten Chelsea CH
0%
1913-04-12 Herbert Smart Southampton SL1
0%
1920-08-28 Herbert Yarnell Newport L1
0%
1897-01-16 ? Herrin Swindon SL1
0%
1893-10-14 H Hirons Warmley FA
0%
1887-02-05 H Issacs Sth Reading B&B
0%
1891-11-21 H Jack Manners Maidenhead B&B
0%
1884-12-06 H J Maxwell Upton Park FA
0%
1933-08-26 Horace Fielding Exeter D3S
0%
1947-04-12 Horace Rickett Norwich D3S
0%
1923-01-06 Hubert Penny Exeter D3S
0%
1935-05-01 Hubert Telling Southend D3S
0%
1919-09-27 Hugh Lester Brighton SL1
0%
1902-12-26 ? Hulcup QPR Wst
0%
1890-10-04 H Weaver Ipswich FA
0%
1912-04-05 H Worley Exeter SL1
0%
1953-03-14 Ian Kirkwood Exeter D3S
0%
1966-04-27 Ian Maidment Exeter L1
0%
1906-03-03 I G Witherington West Ham SL1
0%
1988-09-21 Irvin Gernon Southend L1
0%
1904-09-03 Jack Bainbridge Portsmouth SL1
0%
1949-01-22 Jackie Allison Ipswich D3S
0%
1930-10-18 Jack Meredith Port Vale CH
0%
1932-08-27 Jack Oxberry Cardiff D3S
0%
1930-09-17 Jack Palethorpe Millwall CH
0%
1884-11-08 J A Danter Rochester FA
0%
1914-09-05 James Chorley QPR SL1
0%
1906-09-01 James Comrie Millwall SL1
0%
1926-08-28 James Dougall Swansea CH
0%
1906-11-24 James E Raine West Ham SL1
0%
1903-02-28 James Francis Bellamy Bristol Rvrs SL1
0%
1938-08-27 James Fullwood QPR D3S
0%
1909-09-01 James H Caldwell Gillingham SL1
0%
1897-11-13 James Hosie Millwall SL1
0%
1963-08-24 James Lofty Millwall L1
0%
1934-12-25 James McGann Millwall D3S
0%
1923-09-03 James McKechnie Swansea D3S
0%
1928-02-11 James Nimmo Southampton CH
0%
1930-08-30 James Oakley Tottenham CH
0%
1903-09-05 James Poppitt Portsmouth SL1
0%
1897-09-11 James William Cockshutt Swindon SL1
0%
1919-08-30 James Wray Cardiff SL1
0%
1883-02-10 J C Blandy Marlow B&B
0%
1908-09-16 J Chelsea Leyton Wst
0%
1903-04-13 J Egby Millwall Wst
0%
1911-09-02 Jimmy Bradley Brentford SL1
0%
1913-09-13 Jimmy Lofthouse Exeter SL1
0%
1910-01-08 Jimmy Tomlinson Luton SL1
0%
1938-10-08 Jimmy Wallbanks Bristol Rvrs D3S
0%
1901-03-20 J Lunn QPR Wst
0%
1897-09-11 Joe Dewey Swindon SL1
0%
1911-09-02 Joe Hewitt Brentford SL1
0%
1890-10-04 Joey O Warburton Ipswich FA
0%
1946-08-31 Joffre (Jeff) Gulliver Bristol Rvrs D3S
0%
1926-09-20 John Barclay Hull CH
0%
1899-09-02 John Barlow Bristol Rvrs SL1
0%
1901-09-02 John Blackwood Swindon Wst
0%
1929-08-31 John (Charlie) Barley Preston CH
0%
1912-09-07 John Comrie Brentford SL1
0%
1902-09-06 John Craggs West Ham SL1
0%
1968-02-03 John Docherty Gillingham L1
0%
1947-05-26 John Hargreaves Walsall D3S
0%
1890-02-15 John Hives Marlow B&B
0%
1898-09-03 John (Jack) Plant Sheppey SL1
0%
1910-09-03 John (Jack) Smart Kettering SL2
0%
1919-08-30 John (Jock) Hastie Cardiff SL1
0%
1928-08-25 John (Jock) Johnstone Middlesbrough CH
0%
1919-11-29 John (Jock) Weir Plymouth SL1
0%
1992-02-08 John Keeley Shrewsbury L1
0%
1953-01-03 John Kirkwood Ipswich D3S
0%
1967-10-21 John Lamble Bournemouth L1
0%
1936-02-29 John Mapson Newport D3S
0%
1948-03-20 John McBride Watford D3S
0%
1959-08-22 John McIlvenny Port Vale L1
0%
1907-11-25 John McInnes Luton Wst
0%
1930-01-18 John McNeill Notts County CH
0%
1898-10-12 Johnny Holt Millwall Utd
0%
1962-10-12 Johnny Petts Carlisle L1
0%
1945-11-17 John Pattison Aldershot FA
0%
1933-08-26 John Ridley Exeter D3S
0%
1986-01-21 John Staker Bournemouth FLT
0%
1890-10-04 John Venard Ipswich FA
0%
1908-09-02 John W (Jack) Huggins Brentford SL1
0%
1980-04-15 Jon Cullen Carlisle L1
0%
1899-11-08 Joseph Holmes Gettins Portsmouth S&DC
0%
1950-01-21 Joseph Hutton Port Vale D3S
0%
1908-09-07 Joseph J Radnage Leyton Wst
0%
1932-09-03 Joseph McGough Swindon D3S
0%
1950-08-19 Ken Bainbridge Walsall D3S
0%
1877-11-07 Kenneth H Mullens Sth Norwood FA
0%
1901-03-20 ? Keogh QPR Wst
0%
1982-09-18 Kevin Dawtry Chesterfield L1
0%
1975-02-24 Kim Sainsbury Hartlepool L2
0%
1902-10-13 ? Kirkpatrick Southampton Wst
0%
1997-09-07 Lee Sandford West Brom CH
0%
1959-09-12 Len Vallard Colchester L1
0%
1930-08-30 Leonard Darnell Tottenham CH
0%
1923-08-25 Leonard Marlow Watford D3S
0%
1897-09-11 Leon Bullimer Swindon SL1
0%
2002-02-14 Leo Roget Swindon L1
0%
1947-03-22 Les Gaunt Swindon D3S
0%
1947-01-04 Les Henley Southend D3S
0%
1927-02-12 Leslie Dennington Darlington CH
0%
1907-09-04 L Rae Millwall SL1
0%
1908-11-11 L Stillman Croydon Wst
0%
1883-11-10 ? Lushington Sth Reading FA
0%
1894-10-20 L W J Inglis Luton SL1
0%
1977-08-13 Martyn Britten Watford LC
0%
1921-09-17 Matthew Lochhead Northampton D3S
0%
1912-09-21 Max Seeburg Bristol Rvrs SL1
0%
1901-09-25 ? McAvoy Portsmouth Wst
0%
1901-03-20 ? McKeer QPR Wst
0%
1904-09-07 ?? McKeer Tottenham Wst
0%
1894-09-22 ? McQuade Swindon SL1
0%
1956-09-22 Melvyn Hood Norwich D3S
0%
1905-09-04 Messina Wilson (Dick) Allman Tottenham Wst
0%
2002-03-23 Michael Branch Oldham L1
0%
1982-08-14 Michael Doherty Oxford FLT
0%
1964-08-22 Michael Fairchild Bournemouth L1
0%
1983-02-05 Michael Nutton Doncaster L1
0%
1894-10-13 Michael T Cannon Clifton (Bristol) FA
0%
1976-03-13 Mick Hollis Bradford L2
0%
1960-10-08 Mick Travers Chesterfield L1
0%
1992-02-01 Nathan Fealey Peterborough L1
0%
1986-02-01 Nicky Platnauer Walsall L1
0%
1950-08-19 Norman Dodgin Walsall D3S
0%
1986-12-19 Paul Barron West Brom CH
0%
1913-04-10 ? Peakett Brighton SCC
0%
1911-01-14 Percy H Caulfield Salisbury SL2
0%
1910-12-17 Percy W Gurr Walsall SL2
0%
1982-11-28 Peter O'Sullivan Millwall L1
0%
1900-09-01 Peter (Paddy) Logan Gillingham SL1
0%
1959-02-21 Peter Shreeves Southampton L1
0%
1966-04-27 Peter Silvester Exeter L1
0%
1895-09-14 Phil Bach Ilford SL1
0%
1998-09-23 Phillip Hadland Barnsley LC
0%
1970-09-23 Ray Flannigan Shrewsbury L1
0%
1949-12-26 Ray Kemp Bournemouth D3S
0%
1912-04-09 Reg G C Pinfield Bristol Rvrs SL1
0%
1922-03-06 Reggie Dand Luton D3S
0%
1885-10-31 Reginald S De Havilland Rochester FA
0%
1894-02-03 Reginald Van Wart OBE Royal Ordnance FA Am
0%
1878-11-09 Rev Arthur C Bartholomew Hendon FA
0%
1887-02-05 Rev W Weston Sth Reading B&B
0%
1913-03-26 R H Bessell Brighton SCC
0%
1933-09-09 Richard Doncaster Crystal Palace D3S
0%
1931-09-26 Richard Mellors Southend D3S
0%
1889-10-26 R Ledger Old Saint Pauls FA
0%
1898-09-03 Robert Dobie Sheppey SL1
0%
1935-08-31 Robert Done Coventry D3S
0%
1937-08-28 Robert Dougall Millwall D3S
0%
1921-08-27 Robert Hepple Newport D3S
0%
1949-09-14 Robert Millard Brighton D3S
0%
1954-02-13 Robert Odell Leyton Orient D3S
0%
1928-08-25 Robert Oswald Middlesbrough CH
0%
1965-04-24 Ron Bayliss Peterborough L1
0%
1946-12-21 Ron Moyse Northampton D3S
0%
1962-10-12 Ron Tindall Carlisle L1
0%
1950-04-10 Roy McCrohan Crystal Palace D3S
0%
1913-03-26 R Prescott Brighton SCC
0%
1909-01-27 Rudolph O'Donnell QPR Wst
0%
1949-11-05 Sam Ellison Norwich D3S
0%
1975-02-15 Sam McHale Brentford L2
0%
1903-10-24 Samuel B Ashworth Kettering SL1
0%
1938-09-10 Samuel Doran Exeter D3S
0%
1913-12-06 Samuel Forrest Norwich SL1
0%
1927-03-19 Samuel Hilligan Gateshead CH
0%
1986-03-29 Sean Reck Gillingham L1
0%
1920-04-03 ? Seymour Merthyr SL1
0%
1928-11-10 Sidney Chandler Blackpool CH
0%
1926-09-18 Sidney Helliwell Man City CH
0%
1901-01-16 ? Snarey Portsmouth Wst
0%
1888-10-06 Stan D Justins Luton FA
0%
1935-10-30 Stanley Coote Aldershot D3SC
0%
1885-10-31 Sutherland Wollaston Rochester FA
0%
1894-10-27 T Currigan Clapton SL1
0%
1911-09-02 Ted Hanney Brentford SL1
0%
1960-12-31 Terry Burgin Colchester L1
0%
1910-09-03 Thomas (Bobby) Greer Kettering SL2
0%
1904-09-03 Thomas Corrin Portsmouth SL1
0%
1897-09-11 Thomas Eccleston Swindon SL1
0%
1930-08-30 Thomas Hodgkiss Tottenham CH
0%
1927-12-17 Thomas Lindsay Fulham CH
0%
1946-08-31 Thomas McKenna Bristol Rvrs D3S
0%
1928-10-13 Thomas Meads Hull CH
0%
1885-11-14 Thomas Skurray Chesham B&B
0%
1887-12-10 T Lawrence Thring Windsor B&B
0%
1901-11-13 Tom Bradshaw Millwall Wst
0%
1956-08-18 Tom Cronin QPR D3S
0%
1953-08-20 Tom Docherty Newport D3S
0%
1903-09-05 Tom H Naisby Portsmouth SL1
0%
1907-10-07 ? Tomlinson Millwall Wst
0%
1901-09-02 Tommy Allison Swindon Wst
0%
1900-09-01 Tommy Clinch Gillingham SL1
0%
1901-02-13 Tom Pangborne Swindon Wst
0%
1907-09-11 Tom Pennington Crystal Palace Wst
0%
1999-03-20 Tony Barrass Wycombe L1
0%
1994-02-12 Tony Witter Hartlepool L1
0%
1908-10-17 T Stillman Millwall SL1
0%
1946-09-04 Vic Barney Crystal Palace D3S
0%
1945-11-24 Victor Niblett Aldershot FA
0%
1878-11-09 Wally Holbrook Hendon FA
0%
1928-02-25 Walter Baggett Oldham CH
0%
1930-10-11 Walter (Len) Featherby Bradford PA CH
0%
1908-09-05 Walter Tarplin Luton SL1
0%
1924-08-30 Walter Tinsley Exeter D3S
0%
1903-04-10 W Blacktin QPR Wst
0%
1896-02-15 W Dandridge Chatham SL1
0%
1910-11-05 W E Buckenham Ton Pentre SL2
0%
1962-03-02 Wesley Maughan Swindon L1
0%
1909-02-15 W G Challis Croydon Wst
0%
1904-03-09 ? Widdicombe Brentford Wst
0%
1945-11-17 Wilf Chitty Aldershot FA
0%
1898-09-03 William Ballantyne Sheppey SL1
0%
1907-09-11 William Beats Crystal Palace Wst
0%
1946-08-31 William Clover Bristol Rvrs D3S
0%
1923-09-03 William Cullen Swansea D3S
0%
1920-09-04 William Draper Newport L1
0%
1905-02-27 William Garbutt Brentford Wst
0%
1906-09-01 William Godley Millwall SL1
0%
1877-12-08 William H Barnett Upton Park FA
0%
1907-09-11 William H Mayo Crystal Palace Wst
0%
1925-09-09 William Inglis QPR D3S
0%
1926-11-27 William Johnstone Weymouth FA
0%
1927-11-12 William Knox Leeds CH
0%
1912-09-14 William Leach Millwall SL1
0%
1905-11-18 William McCafferty Bristol Rvrs SL1
0%
1909-09-08 William McNair Leyton SL1
0%
1897-12-04 William McWhinnie Swindon SL1
0%
1906-09-15 William Minter Portsmouth SL1
0%
1924-09-06 William (Pat) McConnell Swansea D3S
0%
1886-10-23 William Salter Old Carthusians FA
0%
1948-08-21 William Wrigglesworth Crystal Palace D3S
0%
1895-09-28 Willie Cunningham Southampton SL1
0%
1929-08-31 Willliam Pickering Preston CH
0%
1896-09-19 W Mableson Northfleet SL1
0%
1886-01-09 W M Crowdy Marlow B&B
0%
1908-04-11 W Reginald Dadswell Swindon SL1
0%
1906-11-14 W Stillman QPR Wst
0%
No matching quizzes found
Score Distribution
Percent of People with Each Score
Percentile by Number Answered
Your Score History
You have not taken this quiz